Zdravé sladkosti po celý den /

Hlavní autor: Maciejko-Zielińska, Katarzyna
Další autoři: Alexa, Michael, 1989-
Jazyk: Čeština
Vydáno: Ostrava : Bookmedia s.r.o., 2017
Témata:
Fyzický popis: 228 stran : barevné ilustrace ; 25 cm
Knihy
Uloženo v:
LEADER 01876cam a2200553 i 4500
001 nkc20182977408
003 CZ PrNK
005 20180515145730.0
007 ta
008 171219s2017 xr a e f 000 0 cze d
015 |a cnb002977408 
020 |a 978-80-88213-04-8  |q (brožováno) 
035 |a (OCoLC)1039847286 
040 |a LNG001  |b cze  |d CBA001  |d OLA001  |e rda 
041 1 |a cze  |h pol 
072 7 |a 641  |x Kuchařství. Potraviny. Vařená jídla  |2 Konspekt  |9 19 
080 |a 641.85  |2 MRF 
080 |a 613.2  |2 MRF 
080 |a 613.2:631.147  |2 MRF 
080 |a (083.12)  |2 MRF 
100 1 |a Maciejko-Zielińska, Katarzyna  |7 xx0220109  |4 aut 
240 1 0 |a Zdrowe słodkości.  |l Česky 
245 1 0 |a Zdravé sladkosti po celý den /  |c Katarzyna Maciejko-Zielińska 
264 1 |a Ostrava :  |b Bookmedia s.r.o.,  |c 2017 
300 |a 228 stran :  |b barevné ilustrace ;  |c 25 cm 
336 |a text  |b txt  |2 rdacontent 
336 |a statický obraz  |b sti  |2 rdacontent 
337 |a bez média  |b n  |2 rdamedia 
338 |a svazek  |b nc  |2 rdacarrier 
500 |a Z polštiny přeložil Michael Alexa 
650 0 7 |a sladká jídla  |7 ph116172  |2 czenas 
650 0 7 |a moučníky  |7 ph115366  |2 czenas 
650 0 7 |a dezerty  |7 ph114308  |2 czenas 
650 0 7 |a racionální výživa  |7 ph124968  |2 czenas 
650 0 7 |a biopotraviny  |7 ph114174  |2 czenas 
650 0 9 |a sweet dishes  |2 eczenas 
650 0 9 |a cakes  |2 eczenas 
650 0 9 |a desserts  |2 eczenas 
650 0 9 |a healthy eating  |2 eczenas 
650 0 9 |a biofood  |2 eczenas 
655 7 |a kuchařské recepty  |7 fd132687  |2 czenas 
655 9 |a cookbooks  |2 eczenas 
700 1 |a Alexa, Michael,  |d 1989-  |7 pna2011655344  |4 trl 
910 2 |a BOA001  |b 2-1406.481 
920 |a 0755077  |z CBA001 
990 |a BK 
995 |a 01 
991 |b 201804  |c NOV 
996 6 |b 2610741229  |c 2-1406.481  |l MZK  |r Sklad / do 1 hodiny  |n 3  |p p.v.  |w 001661360  |u 000010  |a 1  |e BOA001  |j MZK50  |s P